000 00529nam a2200181 i 4500
001 20219
003 ES-MaACL
005 20230906152246.0
007 t|
008 021108s1957 mx |||| | spa d
100 1 _aAguayo Spencer, Rafael.
_918642
245 1 0 _aNuestra Señora de Blanco
_b: meditaciones en torno a Fátima /
_cRafael Aguayo Spencer.
250 _a1ª ed.
260 _aMéxico :
_bJus,
_c1957.
300 _a272 p. ;
_c20 cm.
600 0 4 _aVirgen María-
_vMeditaciones.
_9115444
852 _aES-MaACL
_jE-9263
999 _c20219
_d20219